[Event "World School-ch U15 Girls"]
[Site "Sochi"]
[Date "2016.12.11"]
[Round "9"]
[White "Kochukova, Anna"]
[Black "Durdyyeva, Jennet"]
[Result "1-0"]
[WhiteElo "2065"]
[BlackElo "1421"]
[PlyCount "83"]
[EventDate "2016.12.03"]
[EventType "swiss"]
[EventRounds "9"]
[EventCountry "RUS"]
[SourceTitle "EXT 2018"]
[Source "ChessBase"]
[SourceDate "2017.10.13"]
[SourceVersion "1"]
[SourceVersionDate "2017.10.13"]
[SourceQuality "1"]

1. e4 e5 2. Nf3 Nc6 3. Bb5 d6 4. c3 Bd7 5. 0-0 Be7 6. d4 Nf6 7. Re1 0-0 8. Nbd2 Nb8 9. Bd3 exd4 10. cxd4 h6 11. Nf1 Nc6 12. e5 dxe5 13. dxe5 Ne8 14. Qe2 Bg4 15. Qe4 f5 16. Qe3 Kh8 17. h3 f4 18. Qe2 Bxf3 19. Qxf3 Nb4 20. Bb1 Qd5 21. Qg4 Bc5 22. Qg6 Qg8 23. Nh2 Nd5 24. Ng4 Ne7 25. Qc2 Bb6 26. a4 a5 27. Ra3 Rd8 28. Rd3 Rxd3 29. Qxd3 h5 30. Nh2 g5 31. Bd2 Ng7 32. e6 Rd8 33. Qc2 Bd4 34. Nf3 Bf6 35. h4 gxh4 36. Bxf4 Nef5 37. Ne5 Rd5 38. Nf7+ Kh7 39. Ba2 Rd4 40. Be3 Rg4 41. Nh6 Kh8 42. Nxg8 1-0

[Event "World School-ch U15 Girls"]
[Site "Sochi"]
[Date "2016.12.09"]
[Round "7"]
[White "Durdyyeva, Jennet"]
[Black "Vithanage, Sandaruwi M"]
[Result "1-0"]
[WhiteElo "1421"]
[BlackElo "1632"]
[PlyCount "131"]
[EventDate "2016.12.03"]
[EventType "swiss"]
[EventRounds "9"]
[EventCountry "RUS"]
[SourceTitle "EXT 2018"]
[Source "ChessBase"]
[SourceDate "2017.10.13"]
[SourceVersion "1"]
[SourceVersionDate "2017.10.13"]
[SourceQuality "1"]

1. e4 c5 2. Nf3 d6 3. d4 cxd4 4. Nxd4 Nf6 5. Nc3 g6 6. Be3 Bg7 7. Qd2 Nc6 8. f3 0-0 9. Bc4 a6 10. g4 Bd7 11. h4 b5 12. Bb3 Ne5 13. 0-0-0 Nc4 14. Bxc4 bxc4 15. h5 Rb8 16. Bh6 Qb6 17. b3 Qa5 18. Bxg7 Kxg7 19. hxg6 fxg6 20. Qh6+ Kg8 21. Nd5 Rf7 22. Nxf6+ exf6 23. Kb1 cxb3 24. cxb3 Qe5 25. Qe3 d5 26. Rhe1 dxe4 27. Qxe4 Qxe4+ 28. Rxe4 f5 29. gxf5 Bxf5 30. Nxf5 Rxf5 31. Rd3 Rbf8 32. Ree3 R5f6 33. Kc1 h5 34. Kd1 h4 35. Ke2 Kg7 36. Rd1 g5 37. Rg1 Kg6 38. Kf2 Kh5 39. Kg2 Rd8 40. Kh3 Rd2 41. Rg2 Rxg2 42. Kxg2 Rf4 43. a4 Rb4 44. Kh3 a5 45. Rc3 Rf4 46. Re3 Rxf3+ 47. Rxf3 g4+ 48. Kg2 gxf3+ 49. Kxf3 Kg5 50. Kg2 Kg4 51. Kh2 h3 52. b4 axb4 53. a5 b3 54. a6 b2 55. a7 b1Q 56. a8Q Qc2+ 57. Kh1 Qd1+ 58. Kh2 Qe2+ 59. Kh1 Qf1+ 60. Kh2 Qf4+ 61. Kh1 Kg3 62. Qg8+ Kf3 63. Qd5+ Kg3 64. Qg8+ Kh4 65. Qh8+ Kg3 66. Qg7+ 1-0

[Event "World School-ch U15 Girls"]
[Site "Sochi"]
[Date "2016.12.05"]
[Round "3"]
[White "Durdyyeva, Jennet"]
[Black "Harshini, A."]
[Result "0-1"]
[WhiteElo "1421"]
[BlackElo "1944"]
[PlyCount "115"]
[EventDate "2016.12.03"]
[EventType "swiss"]
[EventRounds "9"]
[EventCountry "RUS"]
[SourceTitle "EXT 2018"]
[Source "ChessBase"]
[SourceDate "2017.10.13"]
[SourceVersion "1"]
[SourceVersionDate "2017.10.13"]
[SourceQuality "1"]

1. e4 e5 2. Nf3 Nc6 3. Bc4 Bc5 4. d3 Nf6 5. 0-0 d6 6. h3 h6 7. c3 0-0 8. a4 a5 9. Be3 Ba7 10. Nbd2 Ne7 11. Re1 Ng6 12. Nf1 c6 13. Ba2 Be6 14. Bxa7 Rxa7 15. d4 Bxa2 16. Rxa2 Re8 17. Ng3 Qd7 18. Nf5 d5 19. dxe5 dxe4 20. exf6 Qxf5 21. fxg7 Raa8 22. Nd4 Qg5 23. Re3 Re5 24. Rg3 Qf6 25. Qe2 Rae8 26. Ra1 Nf4 27. Qe3 Nd5 28. Qd2 Rg5 29. Rxg5 hxg5 30. Re1 Re5 31. Nc2 Kxg7 32. Ne3 Qf4 33. g3 Qf3 34. Qd4 f6 35. Ng4 Re7 36. c4 Nb4 37. Qd6 Rf7 38. Qe6 Nd3 39. Rxe4 Nc5 40. Re3 Qd1+ 41. Re1 Qxa4 42. Qf5 Nd7 43. Re8 Qd1+ 44. Kg2 Qd6 45. Re6 Qc5 46. Qd3 Re7 47. Rxe7+ Qxe7 48. Ne3 Nc5 49. Nf5+ Kf8 50. Qd6 Qxd6 51. Nxd6 b6 52. Nc8 b5 53. Na7 bxc4 54. Nxc6 a4 55. Na5 c3 56. Nc4 c2 57. Ne3 c1Q 58. Nc2 0-1